000
00328nam a2200133Ia 4500
008
231129s1982||||xx |||||||||||||| ||spa||
020
_a
968-24-1134-3
040
_b
spa
082
_a
633 C967
245
0
_a
Cultivos de plantación
260
_c
1982
264
_a
Trillas
942
_2
ddc
_c
BKS
999
_c
8581
_d
8581